ბათუმის შოთა რუსთაველის სახელმწიფო უნივერსიტეტის ბიბლიოთეკა

საქმიანი ურთიერთობების კულტურა (ბიბ.ჩანაწერი № 51388)

000 -LEADER
fixed length control field 01116nam a2200289Ia 4500
001 - CONTROL NUMBER
control field 18373
003 - CONTROL NUMBER IDENTIFIER
control field GE_BSU
005 - DATE AND TIME OF LATEST TRANSACTION
control field 20210713131051.0
008 - FIXED-LENGTH DATA ELEMENTS--GENERAL INFORMATION
fixed length control field 181216s||||||||xx |||||||||||||| ||und||
020 ## - INTERNATIONAL STANDARD BOOK NUMBER
International Standard Book Number 978-9941-14-001-3
040 ## - CATALOGING SOURCE
Transcribing agency GE_BSU
080 ## - UNIVERSAL DECIMAL CLASSIFICATION NUMBER
Universal Decimal Classification number 005.575
100 ## - MAIN ENTRY--PERSONAL NAME
Personal name ხიზანიშვილი, ს., ყულიჯანაშვილი, ა. წიქარიძე, ლ.
9 (RLIN) 12243
245 ## - TITLE STATEMENT
Title საქმიანი ურთიერთობების კულტურა
245 ## - TITLE STATEMENT
Remainder of title სახელმძღვანელო
245 ## - TITLE STATEMENT
Statement of responsibility, etc. რედ. რ.ჯორბენაძე
250 ## - EDITION STATEMENT
Edition statement საქ. ტექნიკური უნ-ტი
260 ## - PUBLICATION, DISTRIBUTION, ETC.
Place of publication, distribution, etc. თბილისი
260 ## - PUBLICATION, DISTRIBUTION, ETC.
Name of publisher, distributor, etc. ტექნ. უნ-ტი
260 ## - PUBLICATION, DISTRIBUTION, ETC.
Date of publication, distribution, etc. 2007
300 ## - PHYSICAL DESCRIPTION
Extent 217გვ. ; 29სმ.
300 ## - PHYSICAL DESCRIPTION
Accompanying material ბიბლიოგრ.: გვ. 215-216.
653 ## - INDEX TERM--UNCONTROLLED
Uncontrolled term საქმიანი ურთიერთობები
653 ## - INDEX TERM--UNCONTROLLED
Uncontrolled term საქმიანი ურთიერთობების კულტურა
942 ## - ADDED ENTRY ELEMENTS (KOHA)
Koha item type წიგნი
Source of classification or shelving scheme
ეგზემპლარები
Withdrawn status Lost status Damaged status Not for loan Date acquired Barcode Date last seen Price effective from Koha item type
        2018-12-17 47048 2018-12-17 2018-12-17 წიგნი
        2018-12-17 47049 2018-12-17 2018-12-17 წიგნი
        2018-12-17 47050 2018-12-17 2018-12-17 წიგნი
        2018-12-17 47051 2018-12-17 2018-12-17 წიგნი
        2018-12-17 47052 2018-12-17 2018-12-17 წიგნი